| 000 | 00829nam a2200265 a 4500 | ||
|---|---|---|---|
| 001 | 000025967 | ||
| 005 | 20200930024206.0 | ||
| 008 | 110217s1988 sp r 000 | spa d | ||
| 020 | _a8435005313 | ||
| 040 |
_aDO-SdBNP _bspa _cBNPHU |
||
| 041 |
_aspa _heng _2Código de idioma MARC |
||
| 082 |
_a823.91 _bC421j |
||
| 100 | 1 |
_aWarner, Rex, _952857 |
|
| 240 | 0 |
_aThe young Caesar. _lEspañol |
|
| 245 | 1 | 3 |
_aEl joven César / _cRex Warner ; traducción Marta Álvarez de Toledo. |
| 260 |
_aBarcelona : _bEdhasa, _c1988. |
||
| 300 |
_a287 p. ; _c23 cm. |
||
| 490 | 1 | _aNarrativas-Edhasa. | |
| 534 |
_aTítulo original : _tThe young Caesar. |
||
| 650 | 4 |
_aNovela inglesa _91071 |
|
| 650 | 4 |
_aLiteratura inglesa _9498 |
|
| 700 | 1 |
_aÁlvarez de Toledo, Marta, _etr. _952858 |
|
| 830 | 0 |
_aNarrativas-Edhasa. _952859 |
|
| 049 | _aBNGR | ||
| 999 |
_c25459 _d25459 |
||